Statistics for NASCAR Cup Winners at Dover Motor Speedway

Click here to take the quiz!

General Stats

  • This quiz has been taken 797 times
    (10 since last reset)
  • The average score is 91 of 106

Answer Stats

YearWinner% Correct
1971 | 1972 | 1978 | +3 othersBobby Allison
100%
2012Brad Keselowski
100%
2018 | 2022Chase Elliott
100%
1989 | 1993Dale Earnhardt
100%
2001Dale Earnhardt Jr
100%
1987Davey Allison
100%
2020 | 2024Denny Hamlin
100%
2005 | 2008Greg Biffle
100%
1995 | 1996 | 2001 | 2014Jeff Gordon
100%
2002 | 2005 | 2009 | +6 othersJimmie Johnson
100%
2015 | 2018 | 2020Kevin Harvick
100%
2011Kurt Busch
100%
2008 | 2010 | 2017Kyle Busch
100%
2007 | 2016 | 2019 | 2023Martin Truex Jr
100%
2021Alex Bowman
90%
1985 | 1988 | 1990Bill Elliott
90%
1999Bobby Labonte
90%
1974 | 1976 | 1977Cale Yarborough
90%
2007Carl Edwards
90%
1998Dale Jarrett
90%
1972 | 1973 | 1975 | 1978David Pearson
90%
2019Kyle Larson
90%
1997 | 1998 | 1999 | 2004Mark Martin
90%
2006 | 2011 | 2016Matt Kenseth
90%
1969 | 1970 | 1971 | +4 othersRichard Petty
90%
1980 | 1982Darrell Waltrip
80%
1995Kyle Petty
80%
1976 | 1977Benny Parsons
70%
1993 | 1994Rusty Wallace
70%
2003 | 2004Ryan Newman
70%
1990Derrike Cope
60%
2006Jeff Burton
60%
1986 | 1987 | 1992 | 1997Ricky Rudd
60%
2000 | 2013Tony Stewart
60%
1984 | 1985 | 1991 | 1992Harry Gant
50%
1979 | 1981Neil Bonnett
50%
1986Geoff Bodine
40%
1981Jody Ridley
30%
1991Ken Schrader
30%

Score Distribution

Percentile by Number Answered

Percent of People with Each Score

Your Score History

You have not taken this quiz since the last reset